| 000 | 00442nam a2200193Ia 4500 | ||
|---|---|---|---|
| 005 | 20240823014655.0 | ||
| 008 | 240823s9999||||xx |||||||||||||| ||und|| | ||
| 020 | _a81-222-0108-3 | ||
| 041 | _aENGLISH | ||
| 082 | _A294.5926 | ||
| 100 | _aGandhi M K | ||
| 245 | 0 | _aHindu Dharma | |
| 250 | _a1st | ||
| 260 | _b"Orient Paperback,New D" | ||
| 500 | _aTransfered | ||
| 650 |
_aGeneral Studies _bGeneral |
||
| 942 | _cBK | ||
| 999 |
_c170634 _d170634 |
||